[Event "10eme Open International de La Fere"]
[Site "La Fere (FRA)"]
[Date "2011.07.05"]
[Round "5.20"]
[White "Mestdagh, Franck"]
[Black "Rouffignac, Marie"]
[Result "0-1"]
[WhiteElo "1948"]
[BlackElo "1568"]
[PlyCount "142"]
[EventDate "2011.??.??"]

1. e4 e5 2. Nf3 Nc6 3. Bc4 Bc5 4. b4 Bxb4 5. c3 Ba5 6. d4 exd4 7. O-O d6 8.
cxd4 Bg4 9. Qb3 Qd7 10. d5 Nd8 11. Bb2 f6 12. Nd4 Bb6 13. Nd2 Nh6 14. Bb5 c6
15. dxc6 bxc6 16. Bd3 Bxd4 17. Bxd4 Ne6 18. Be3 Nf7 19. Rfe1 Ne5 20. Bf1 Bh5
21. h3 Bf7 22. Qa4 Nd8 23. f4 Ng6 24. Nc4 O-O 25. Nb6 axb6 26. Qxa8 b5 27. Qa3
Re8 28. Red1 Nb7 29. Be2 Rxe4 30. Bf3 Ra4 31. Qc3 Rc4 32. Qa3 Ra4 33. Qc3 Rc4
34. Qd2 Qf5 35. Rac1 Ne7 36. Rxc4 Bxc4 37. Bg4 Qd5 38. Qc2 Qf7 39. a4 Bb3 40.
Qe4 f5 41. Bxf5 Nxf5 42. Re1 Nxe3 43. Rxe3 Bd5 44. Qc2 Qg6 45. Qe2 h6 46. axb5
cxb5 47. g4 Bc4 48. Qe1 Nc5 49. f5 Qf6 50. Qd2 Qa1+ 51. Re1 Nb3 52. Qf2 Qd4 53.
Re3 Bd5 54. Kh2 Kh7 55. f6 Qxf6 56. Qc2+ Qg6 57. Qc8 Bf7 58. Qc3 Nc5 59. Qe1
Qc2+ 60. Re2 Qc4 61. Qf2 Nd3 62. Qf5+ Bg6 63. Qf8 Qf4+ 64. Qxf4 Nxf4 65. Rd2 d5
66. Kg3 Nd3 67. Kf3 b4 68. Ke3 b3 69. Rxd3 Bxd3 70. Kxd3 Kg6 71. Kc3 Kg5 0-1

[Event "10eme Open International de La Fere"]
[Site "La Fere (FRA)"]
[Date "2011.07.05"]
[Round "5.21"]
[White "Molet, Asher"]
[Black "Denis, Monique"]
[Result "1-0"]
[WhiteElo "1859"]
[BlackElo "1480"]
[PlyCount "53"]
[EventDate "2011.??.??"]

1. d4 Nf6 2. Nf3 d6 3. c4 e6 4. Nc3 Nc6 5. e4 h6 6. Be2 Be7 7. O-O O-O 8. h3 b6
9. Be3 Bb7 10. Qd2 Nb8 11. d5 Kh8 12. Nd4 Bc8 13. f4 e5 14. fxe5 dxe5 15. Nf5
Bxf5 16. Rxf5 Ng8 17. Rxe5 Bd6 18. Rf5 f6 19. Rff1 Nd7 20. Bh5 Ne5 21. Be2 Qe7
22. a3 a6 23. Bd3 g6 24. Rf2 Qg7 25. Ne2 g5 26. g4 Rf7 27. Nd4 1-0

[Event "10eme Open International de La Fere"]
[Site "La Fere (FRA)"]
[Date "2011.07.05"]
[Round "5.22"]
[White "Touret, Alex"]
[Black "Bouguettouche, Didier"]
[Result "1-0"]
[WhiteElo "1843"]
[BlackElo "1410"]
[PlyCount "47"]
[EventDate "2011.??.??"]

1. e4 e5 2. Bc4 d6 3. d3 Be6 4. Bb3 Nf6 5. Ne2 d5 6. exd5 Bxd5 7. O-O Nbd7 8.
Bg5 Be7 9. Ng3 h6 10. Be3 Be6 11. Nc3 Bxb3 12. axb3 a6 13. Nf5 Bc5 14. Nxg7+
Kf8 15. Nf5 Bxe3 16. fxe3 Rg8 17. Qf3 Qe8 18. Ra4 Rg5 19. Rh4 Rg6 20. Nxh6 e4
21. Nxe4 Nxe4 22. dxe4 Rf6 23. Nf5 Ne5 24. Rh8# 1-0

[Event "10eme Open International de La Fere"]
[Site "La Fere (FRA)"]
[Date "2011.07.05"]
[Round "5.23"]
[White "Dermenghen, Thomas"]
[Black "Tonneau, Bastien"]
[Result "1-0"]
[WhiteElo "1839"]
[BlackElo "1370"]
[PlyCount "37"]
[EventDate "2011.??.??"]

1. e4 e5 2. Nf3 Nc6 3. Nc3 Nf6 4. d4 d6 5. dxe5 dxe5 6. Qxd8+ Kxd8 7. Bg5 Be7
8. O-O-O+ Bd7 9. Bb5 h6 10. Bxc6 bxc6 11. Nxe5 Ke8 12. Bxf6 Bxf6 13. Nxd7 Bg5+
14. Kb1 Rd8 15. Ne5 Rxd1+ 16. Rxd1 c5 17. Nb5 f6 18. Nxc7+ Ke7 19. Ng6+ 1-0

[Event "10eme Open International de La Fere"]
[Site "La Fere (FRA)"]
[Date "2011.07.05"]
[Round "5.24"]
[White "Caloone, Claire"]
[Black "Waquet, Frederic"]
[Result "0-1"]
[WhiteElo "1340"]
[BlackElo "1967"]
[PlyCount "88"]
[EventDate "2011.??.??"]

1. e4 e6 2. d4 d5 3. e5 c5 4. c3 Nc6 5. Nf3 Qb6 6. Na3 Bd7 7. Be2 cxd4 8. cxd4
Bb4+ 9. Bd2 Nxd4 10. Bxb4 Qxb4+ 11. Qd2 Qxd2+ 12. Kxd2 Nxe2 13. Kxe2 Ne7 14.
Rhe1 O-O 15. Rac1 Rac8 16. Kf1 a6 17. Nd4 Nc6 18. Nb3 b6 19. f4 f6 20. Kg1 fxe5
21. fxe5 Rf5 22. h3 Rxe5 23. Rxe5 Nxe5 24. Rxc8+ Bxc8 25. Nd4 Kf7 26. Kh2 Nd3
27. b3 Nc1 28. Nc6 Nxa2 29. Nb8 Nb4 30. Kg3 e5 31. Kf2 Ke6 32. g4 Kd6 33. Nb1
Kc7 34. Nxa6+ Bxa6 35. h4 Kd6 36. g5 e4 37. h5 Ke5 38. h6 g6 39. Ke3 d4+ 40.
Kd2 e3+ 41. Ke1 Nc2+ 42. Kd1 d3 43. b4 e2+ 44. Kd2 e1=Q# 0-1

[Event "10eme Open International de La Fere"]
[Site "La Fere (FRA)"]
[Date "2011.07.05"]
[Round "5.25"]
[White "Vernede, Victor"]
[Black "Hutin, Evgueny"]
[Result "1/2-1/2"]
[WhiteElo "1702"]
[BlackElo "1923"]
[PlyCount "63"]
[EventDate "2011.??.??"]

1. d4 d5 2. Bf4 Bf5 3. Nf3 e6 4. c4 Nf6 5. Nc3 c5 6. e3 Nc6 7. cxd5 Nxd5 8. Bg3
Qa5 9. Qb3 Qb4 10. Bc4 cxd4 11. Nxd4 Qxb3 12. Nxb3 Nxc3 13. bxc3 Ba3 14. O-O
O-O 15. Nd4 Bb2 16. Rad1 Bxc3 17. Nxc6 bxc6 18. Rd6 Be4 19. f3 Bd5 20. Bxd5
cxd5 21. Ra6 Bb4 22. Rb1 Bc5 23. Kf2 Rac8 24. Rb2 Bb6 25. Be5 Rc4 26. Ke2 Rfc8
27. Kd3 Kf8 28. Ra3 Rc1 29. Rc3 R8xc3+ 30. Bxc3 f6 31. f4 Ke7 32. Bb4+ 1/2-1/2

[Event "10eme Open International de La Fere"]
[Site "La Fere (FRA)"]
[Date "2011.07.05"]
[Round "5.26"]
[White "Fauchart, Francois"]
[Black "Pretceille, Jeremie"]
[Result "1-0"]
[WhiteElo "1642"]
[BlackElo "1857"]
[PlyCount "91"]
[EventDate "2011.??.??"]

1. d4 Nf6 2. Nf3 e6 3. Bf4 c5 4. e3 Nc6 5. c3 b6 6. Nbd2 Bb7 7. Be2 d6 8. O-O
Be7 9. h3 O-O 10. Qc2 Rc8 11. a3 Nd5 12. Bh2 cxd4 13. exd4 Re8 14. Rfe1 a6 15.
Bd3 h6 16. Bg3 b5 17. Be4 Nf6 18. Bd3 Qb6 19. Ne4 Nxe4 20. Bxe4 d5 21. Bd3 b4
22. axb4 Bf6 23. Qa4 Ra8 24. Ne5 Nxe5 25. Bxe5 Bxe5 26. Rxe5 Bc6 27. Qd1 a5 28.
bxa5 Qxb2 29. Re3 f6 30. Rb1 Qa3 31. Qg4 Bd7 32. Qg6 f5 33. Rg3 Re7 34. Qxh6
Qxa5 35. Qg5 Rae8 36. h4 Qxc3 37. Bxf5 Qxd4 38. Bg6 Qa7 39. Qh5 Rf7 40. Bxf7+
Kf8 41. Bxe8 Bxe8 42. Rf3+ Ke7 43. Qg5+ Kd6 44. Qf4+ Kd7 45. Qf8 Kd8 46. Qd6+
1-0

[Event "10eme Open International de La Fere"]
[Site "La Fere (FRA)"]
[Date "2011.07.05"]
[Round "5.27"]
[White "Boudier, Eric"]
[Black "Dagnicourt, Francis"]
[Result "1-0"]
[WhiteElo "1840"]
[BlackElo "1729"]
[PlyCount "35"]
[EventDate "2011.??.??"]

1. Nc3 d6 2. e4 Nf6 3. f4 g6 4. Nf3 Bg7 5. Bc4 c6 6. d3 b5 7. Bb3 Qa5 8. O-O
Qb6+ 9. Kh1 O-O 10. Qe1 Qc7 11. Qh4 h6 12. f5 g5 13. Nxg5 hxg5 14. Bxg5 Nbd7
15. Rf3 Ne5 16. Rg3 Qd8 17. Bh6 Ng6 18. Rxg6 1-0

[Event "10eme Open International de La Fere"]
[Site "La Fere (FRA)"]
[Date "2011.07.05"]
[Round "5.28"]
[White "Bouchard, Sebastien"]
[Black "Jean, Robert"]
[Result "0-1"]
[WhiteElo "1610"]
[BlackElo "1808"]
[PlyCount "52"]
[EventDate "2011.??.??"]

1. e4 c5 2. c3 Nf6 3. e5 Nd5 4. Bc4 Nb6 5. Bb3 Nc6 6. d4 cxd4 7. cxd4 d6 8. f4
dxe5 9. dxe5 Qxd1+ 10. Bxd1 Bf5 11. Nf3 e6 12. Be3 Nd5 13. Bd2 Bc5 14. Ba4 O-O
15. Ke2 Bg4 16. Kd3 Rad8 17. Kc4 Be7 18. Bxc6 bxc6 19. h3 Nb6+ 20. Kc3 Bxf3 21.
gxf3 Nd5+ 22. Kc4 Rb8 23. b3 Nxf4 24. a3 Nd5 25. b4 Rfd8 26. Nc3 Nb6+ 0-1

[Event "10eme Open International de La Fere"]
[Site "La Fere (FRA)"]
[Date "2011.07.05"]
[Round "5.29"]
[White "Louis, Andre"]
[Black "Biniaux, Michael"]
[Result "0-1"]
[WhiteElo "1800"]
[BlackElo "1720"]
[PlyCount "104"]
[EventDate "2011.??.??"]

1. e4 d5 2. exd5 Qxd5 3. Nc3 Qa5 4. d4 c6 5. Nf3 Bg4 6. Be2 Nf6 7. O-O Qc7 8.
Bg5 e6 9. Re1 Bd6 10. Ne5 Bxe2 11. Qxe2 Nbd7 12. h3 O-O 13. Bh4 Nd5 14. Nxd5
exd5 15. Nd3 h6 16. Qf3 Rae8 17. Re2 g5 18. Rxe8 Rxe8 19. Bg3 Bxg3 20. fxg3 Re6
21. Nf2 Qb6 22. Qc3 c5 23. Re1 Rxe1+ 24. Qxe1 Qe6 25. Qxe6 fxe6 26. dxc5 Nxc5
27. Kf1 Kg7 28. Ke2 h5 29. b4 Nd7 30. Ke3 e5 31. c3 Kf6 32. g4 h4 33. a4 a5 34.
Nd3 b6 35. Ne1 Ke6 36. Nf3 Kf6 37. Nd2 Ke6 38. Nb3 Kd6 39. Nd2 Nf6 40. bxa5
bxa5 41. Nb3 Ne4 42. Kd3 Nc5+ 43. Kc2 Nxb3 44. Kxb3 e4 45. Kc2 Ke5 46. Kd2 Kf4
47. Ke2 Kg3 48. Kf1 e3 49. Ke2 Kxg2 50. Kxe3 Kg3 51. Ke2 Kxh3 52. Kf3 Kh2 0-1

[Event "10eme Open International de La Fere"]
[Site "La Fere (FRA)"]
[Date "2011.07.05"]
[Round "5.32"]
[White "Soriano, Jean-Claude"]
[Black "Menjour, Mohamed"]
[Result "1/2-1/2"]
[WhiteElo "1560"]
[BlackElo "1770"]
[PlyCount "107"]
[EventDate "2011.??.??"]

1. d4 e6 2. Nf3 d5 3. Bf4 Nf6 4. e3 h6 5. c4 c6 6. Nc3 Nbd7 7. a3 Nh5 8. Bg3
Nxg3 9. hxg3 Nf6 10. Bd3 Bd6 11. Qc2 dxc4 12. Bxc4 Qe7 13. Bd3 Ng4 14. Ne4 Bc7
15. Rh4 f5 16. Nc3 Nxe3 17. Qe2 Nxg2+ 18. Kf1 Nxh4 19. Nxh4 Qf7 20. Bxf5 Kd8
21. Bg6 Qe7 22. Kg2 Bd6 23. Re1 Kc7 24. Ne4 Bd7 25. Bh5 Be8 26. Ng6 Bxg6 27.
Bxg6 Rad8 28. Qc4 Rhf8 29. Nc5 Bxc5 30. Rxe6 Qd7 31. dxc5 Qd5+ 32. Qxd5 Rxd5
33. Re7+ Rd7 34. Re2 Rf6 35. Be4 Re7 36. f3 g5 37. Kh3 h5 38. b4 Rfe6 39. Kg2
b6 40. cxb6+ axb6 41. Kf2 Rf6 42. Kg2 Rd6 43. Kf2 h4 44. Kg2 Rh6 45. Kh2 Kd6
46. gxh4 Rxh4+ 47. Kg3 Ra7 48. Re3 Rf7 49. Rd3+ Kc7 50. Rc3 Rf6 51. Re3 Rd6 52.
Re2 Rd1 53. Rc2 Rxe4 54. fxe4 1/2-1/2

[Event "10eme Open International de La Fere"]
[Site "La Fere (FRA)"]
[Date "2011.07.05"]
[Round "5.34"]
[White "Koechler, Thomas"]
[Black "Dupont, Victor"]
[Result "1-0"]
[WhiteElo "1989"]
[BlackElo "1609"]
[PlyCount "63"]
[EventDate "2011.??.??"]

1. e4 e5 2. f4 d6 3. Nf3 Nc6 4. Bc4 exf4 5. d4 Nf6 6. Ng5 d5 7. exd5 Na5 8.
Bb5+ Bd7 9. Bxd7+ Qxd7 10. Bxf4 Nxd5 11. O-O Be7 12. Nxf7 O-O 13. Ne5 Qb5 14.
Nc3 Nxc3 15. bxc3 Bd6 16. Qg4 Rae8 17. Rf3 Qd5 18. Rg3 Bxe5 19. Bxe5 g6 20. Rh3
Nc4 21. Bxc7 Rf7 22. Bf4 Qe4 23. Rf3 Ref8 24. g3 Qe2 25. h3 Rf5 26. Rf2 Qe4 27.
Re2 Qc6 28. Rae1 Qf6 29. Re6 Qf7 30. Re7 Qf6 31. R1e6 Qh8 32. Rxg6+ 1-0

[Event "10eme Open International de La Fere"]
[Site "La Fere (FRA)"]
[Date "2011.07.05"]
[Round "5.35"]
[White "Huyet, Yannick"]
[Black "Heymann-Lobzhanidze, Anna-Luise"]
[Result "0-1"]
[WhiteElo "1629"]
[BlackElo "2025"]
[PlyCount "48"]
[EventDate "2011.??.??"]

1. e4 e5 2. Nf3 Nc6 3. Bc4 Nf6 4. Ng5 d5 5. exd5 Na5 6. Bb5+ c6 7. dxc6 bxc6 8.
Qf3 Bb7 9. Ba4 Bd6 10. O-O O-O 11. d3 c5 12. Ne4 Nxe4 13. dxe4 f5 14. Bb3+ c4
15. Qg3 f4 16. Qf3 cxb3 17. axb3 Nc6 18. c3 Qg5 19. Nd2 Rf6 20. Kh1 Rh6 21. h3
Ne7 22. Rg1 Ng6 23. Qe2 Nh4 24. Qf1 Qh5 0-1

[Event "10eme Open International de La Fere"]
[Site "La Fere (FRA)"]
[Date "2011.07.05"]
[Round "5.37"]
[White "Benkirane, Nabil"]
[Black "Casier, Fabrice"]
[Result "0-1"]
[WhiteElo "1560"]
[BlackElo "1795"]
[PlyCount "114"]
[EventDate "2011.??.??"]

1. d4 Nf6 2. c4 c5 3. Nf3 e6 4. Bg5 Be7 5. e3 O-O 6. Nc3 cxd4 7. exd4 Re8 8.
Bd3 d5 9. O-O Nc6 10. cxd5 Nxd5 11. Bxe7 Qxe7 12. Nxd5 exd5 13. Re1 Be6 14. Qc2
h6 15. Qb3 Qb4 16. Bc2 Rac8 17. Rac1 Qxb3 18. Bxb3 Nb4 19. Red1 Red8 20. a3 Nc6
21. Ne5 Na5 22. Ba2 Nc4 23. Nxc4 dxc4 24. f3 b5 25. Kf2 g5 26. Ke3 f5 27. f4
Kf7 28. fxg5 hxg5 29. Rc2 Kf6 30. g3 Bd5 31. Kf2 Rh8 32. Kg1 Rce8 33. Kf1 Re3
34. Rdd2 Rhe8 35. Re2 Rxe2 36. Rxe2 Rxe2 37. Kxe2 f4 38. gxf4 gxf4 39. Bb1 Kg5
40. Kf2 a5 41. Bc2 Kh4 42. Bf5 b4 43. axb4 axb4 44. h3 c3 45. bxc3 bxc3 46. Bc2
Kxh3 47. Ke2 f3+ 48. Kf2 Kg4 49. Bd3 Kf4 50. Bc2 Be4 51. Bb3 c2 52. Bxc2 Bxc2
53. d5 Ba4 54. d6 Bd7 55. Kf1 Kg3 56. Kg1 f2+ 57. Kf1 Bb5# 0-1

[Event "10eme Open International de La Fere"]
[Site "La Fere (FRA)"]
[Date "2011.07.05"]
[Round "5.38"]
[White "Dernoncourt, Christophe"]
[Black "Lapersonne, Patrick"]
[Result "1/2-1/2"]
[WhiteElo "1772"]
[BlackElo "1524"]
[PlyCount "50"]
[EventDate "2011.??.??"]

1. d4 Nf6 2. c4 g6 3. Nc3 Bg7 4. Bg5 d6 5. Nf3 Bf5 6. Qb3 Qc8 7. e3 O-O 8. g3
Na6 9. Bg2 Rb8 10. O-O c5 11. Nb5 cxd4 12. Nfxd4 Nc5 13. Qb4 a6 14. Nc3 Nd3 15.
Qb3 Nc5 16. Qa3 Bh3 17. Rac1 Bxg2 18. Kxg2 Re8 19. Nd5 Nxd5 20. cxd5 h6 21.
Bxh6 Bxh6 22. b4 b6 23. Nc6 Ra8 24. bxc5 bxc5 25. Rb1 Qf5 1/2-1/2

[Event "10eme Open International de La Fere"]
[Site "La Fere (FRA)"]
[Date "2011.07.05"]
[Round "5.39"]
[White "De Brouwere, Johan"]
[Black "Blondel, Francis"]
[Result "1-0"]
[WhiteElo "1768"]
[BlackElo "1541"]
[PlyCount "159"]
[EventDate "2011.??.??"]

1. d4 d5 2. Nf3 Nf6 3. Bf4 e6 4. e3 Nbd7 5. Bd3 c5 6. c3 cxd4 7. exd4 Be7 8. h3
O-O 9. Nbd2 Re8 10. Qc2 Nf8 11. O-O Nh5 12. Bh2 Bd6 13. Bxd6 Qxd6 14. Rfe1 Nf4
15. Bf1 N8g6 16. Ne5 Ne7 17. Ndf3 f6 18. Nd3 Neg6 19. g3 Nh5 20. Qe2 Bd7 21.
Nh2 Nxg3 22. fxg3 Qxg3+ 23. Qg2 Qd6 24. Nf3 Bb5 25. Qh2 Qxh2+ 26. Kxh2 Bxd3 27.
Bxd3 Nf4 28. Bc2 Re7 29. Re3 g5 30. Rc1 h5 31. Ng1 Rae8 32. Ne2 e5 33. Nxf4
gxf4 34. Rf3 Kf7 35. Bb3 Rd8 36. dxe5 fxe5 37. Rd1 Red7 38. Rg1 Kf6 39. Bc2 d4
40. Rg6+ Kf7 41. cxd4 Rxd4 42. Rg2 Kf6 43. Kg1 Kf7 44. Bg6+ Ke6 45. Bxh5 Rd1+
46. Kh2 R1d2 47. Bg4+ Kf6 48. Rff2 R2d4 49. Rg1 Rd2 50. Rxd2 Rxd2+ 51. Rg2 Rd4
52. Rf2 Rd3 53. Kg2 Kg5 54. Re2 Kf6 55. Bf3 b6 56. Kf2 Ke6 57. Bg4+ Kf6 58. Ke1
Rd4 59. Rd2 Rxd2 60. Kxd2 e4 61. Ke2 Kg5 62. Be6 Kf6 63. Bd5 Ke5 64. Bxe4 Kxe4
65. h4 Ke5 66. Kf3 Kf5 67. b4 Ke5 68. b5 Kf5 69. a4 Ke5 70. h5 Kf5 71. h6 Kg6
72. Kxf4 Kxh6 73. Ke5 Kg6 74. Kd6 Kf6 75. Kc7 Ke5 76. Kb7 Kd6 77. Kxa7 Kc5 78.
Ka6 Kb4 79. Kxb6 Kxa4 80. Kc6 1-0

[Event "10eme Open International de La Fere"]
[Site "La Fere (FRA)"]
[Date "2011.07.05"]
[Round "5.40"]
[White "Duquenne, Eddy"]
[Black "Dumenil, Jean-Francois"]
[Result "0-1"]
[WhiteElo "1523"]
[BlackElo "1670"]
[PlyCount "96"]
[EventDate "2011.??.??"]

1. e4 c6 2. Nf3 d5 3. exd5 cxd5 4. d4 Nf6 5. Bd3 Bg4 6. O-O e6 7. Bb5+ Nc6 8.
Re1 Be7 9. Nbd2 O-O 10. Be2 Bf5 11. c3 h6 12. Bf1 Bd6 13. Nh4 Bh7 14. g3 e5 15.
dxe5 Nxe5 16. Ndf3 Nc4 17. Bd3 Qc8 18. Bxh7+ Kxh7 19. Ng2 Bc5 20. Nf4 Rd8 21.
Ne5 Nxe5 22. Rxe5 Qg4 23. Qd3+ Kg8 24. h3 Qd7 25. Kg2 Qc6 26. f3 d4 27. c4 Re8
28. Rxe8+ Rxe8 29. Bd2 Nd7 30. b4 Ne5 31. Qf1 Bd6 32. Re1 Rd8 33. c5 Bc7 34.
Qe2 a6 35. Nd3 Nxd3 36. Qxd3 Qf6 37. Re4 Qg6 38. f4 Qc6 39. Kf2 Qg6 40. Qe2 b6
41. Re8+ Rxe8 42. Qxe8+ Kh7 43. Qe1 Qc2 44. Qe2 bxc5 45. bxc5 d3 46. Qe4+ g6
47. Qb4 Qd1 48. Qe4 Qxd2+ 0-1

[Event "10eme Open International de La Fere"]
[Site "La Fere (FRA)"]
[Date "2011.07.05"]
[Round "5.41"]
[White "Chevance, Gerard"]
[Black "Dagnicourt, Marie"]
[Result "1-0"]
[WhiteElo "1660"]
[BlackElo "1350"]
[PlyCount "60"]
[EventDate "2011.??.??"]

1. d4 Nf6 2. Nf3 g6 3. c4 Bg7 4. Nc3 O-O 5. e4 d6 6. Be2 c5 7. d5 Qa5 8. O-O
Bg4 9. h3 Bxf3 10. Bxf3 Nbd7 11. Be2 a6 12. Bd2 Qc7 13. Qc2 Ne5 14. f4 Ned7 15.
Rae1 Rfe8 16. Bd3 e6 17. Ne2 exd5 18. exd5 Rab8 19. f5 Ne5 20. fxg6 fxg6 21.
Nf4 Nxd3 22. Qxd3 Qf7 23. Ne6 Bf8 24. Bc3 b5 25. b3 Bg7 26. Qg3 Rf8 27. Ba1 Nh5
28. Nxf8 Rxf8 29. Rxf7 Rxf7 30. Bxg7 Rxg7 1-0

[Event "10eme Open International de La Fere"]
[Site "La Fere (FRA)"]
[Date "2011.07.05"]
[Round "5.42"]
[White "Wolfangel, Jocelyne"]
[Black "Pruvost, Alain"]
[Result "0-1"]
[WhiteElo "1438"]
[BlackElo "1647"]
[PlyCount "97"]
[EventDate "2011.??.??"]

1. d4 c5 2. e3 cxd4 3. exd4 e6 4. Nf3 Nf6 5. Bg5 h6 6. Bf4 Qa5+ 7. Bd2 Qb6 8.
b3 Nc6 9. Be3 Nd5 10. Be2 Bb4+ 11. Kf1 Nxe3+ 12. fxe3 d5 13. c3 Be7 14. Nbd2
Bf6 15. Rb1 Ne7 16. e4 dxe4 17. Nxe4 Nd5 18. Qc1 Be7 19. g3 O-O 20. Kg2 f5 21.
Ned2 Qc7 22. Nc4 b5 23. Nce5 Qxc3 24. Qxc3 Nxc3 25. Rb2 Bb7 26. Rc1 Nxe2 27.
Rxe2 Rfc8 28. Rcc2 Be4 29. Rxc8+ Rxc8 30. Kf2 Rc2 31. Rxc2 Bxc2 32. Nc6 Ba3 33.
Nxa7 b4 34. Nb5 Bb1 35. Nd2 Bxa2 36. Nxa3 bxa3 37. Nc4 Bxb3 38. Nxa3 g5 39. Ke3
Kf7 40. Nb5 Kf6 41. Nd6 Bd5 42. Ne8+ Ke7 43. Nc7 Kd7 44. Nxd5 exd5 45. h4 Kc6
46. Kf3 Kb5 47. g4 f4 48. hxg5 hxg5 49. Ke2 0-1

[Event "10eme Open International de La Fere"]
[Site "La Fere (FRA)"]
[Date "2011.07.05"]
[Round "5.43"]
[White "Van Poucke, Guy"]
[Black "Bourgeois-Copigny, Yann"]
[Result "1-0"]
[WhiteElo "1490"]
[BlackElo "1320"]
[PlyCount "52"]
[EventDate "2011.??.??"]

1. e4 e6 2. d4 d5 3. e5 c5 4. c3 Nc6 5. Nf3 Qb6 6. a3 a5 7. a4 Nge7 8. Bb5 Bd7
9. O-O Nf5 10. Re1 cxd4 11. cxd4 Ncxd4 12. Bxd7+ Kxd7 13. Nxd4 Qxd4 14. Qe2 Qc4
15. Qd1 Nd4 16. Nc3 Bb4 17. Bd2 Nb3 18. Rb1 Nxd2 19. Qxd2 Bxc3 20. bxc3 f6 21.
Rxb7+ Kc6 22. Qb2 Qc5 23. Rb5 Qa7 24. exf6 Rhe8 25. fxg7 Qxg7 26. Rb6+ Kd7 1-0

[Event "10eme Open International de La Fere"]
[Site "La Fere (FRA)"]
[Date "2011.07.05"]
[Round "5.44"]
[White "Donatini, Adrien"]
[Black "Drouin, Philippe"]
[Result "1/2-1/2"]
[WhiteElo "1471"]
[BlackElo "1290"]
[PlyCount "58"]
[EventDate "2011.??.??"]

1. e4 e5 2. Nf3 d6 3. Bc4 Bg4 4. h3 Bh5 5. Be2 Bxf3 6. Bxf3 Nf6 7. Nc3 Be7 8.
d4 Nbd7 9. dxe5 Nxe5 10. Nd5 Nxf3+ 11. Qxf3 Nxd5 12. exd5 O-O 13. O-O Bg5 14.
Qg3 Bxc1 15. Raxc1 Re8 16. Rcd1 Re2 17. Qc3 Qe7 18. Rd4 Re8 19. Rg4 g6 20. Rd4
Re1 21. Rd1 Rxd1 22. Rxd1 Qe2 23. Rf1 Re7 24. Qb4 b6 25. Qa4 a5 26. a3 Re4 27.
Qc6 Re7 28. b4 axb4 29. axb4 Qd2 1/2-1/2

[Event "10eme Open International de La Fere"]
[Site "La Fere (FRA)"]
[Date "2011.07.04"]
[Round "4.1"]
[White "Lobzhanidze, Davit"]
[Black "Houriez, Clement"]
[Result "1/2-1/2"]
[WhiteElo "2483"]
[BlackElo "2328"]
[PlyCount "55"]
[EventDate "2011.??.??"]

1. e4 c5 2. Nf3 d6 3. Bc4 Nf6 4. d3 Nc6 5. c3 g6 6. Bb3 Bg7 7. O-O O-O 8. h3 e5
9. Re1 Re8 10. Nbd2 h6 11. Nf1 d5 12. Ng3 d4 13. cxd4 cxd4 14. Nh2 Be6 15. Bxe6
Rxe6 16. Bd2 Qb6 17. b4 a5 18. bxa5 Nxa5 19. Rb1 Qa6 20. Bxa5 Qxa5 21. Rxb7
Qxa2 22. Re2 Qa1 23. Rb1 Qa6 24. Reb2 Nd7 25. Nf3 Nc5 26. Rb8+ Rxb8 27. Rxb8+
Kh7 28. Ne1 1/2-1/2

[Event "10eme Open International de La Fere"]
[Site "La Fere (FRA)"]
[Date "2011.07.04"]
[Round "4.2"]
[White "Safranska, Anda"]
[Black "Miezis, Normunds"]
[Result "0-1"]
[WhiteElo "2230"]
[BlackElo "2520"]
[PlyCount "126"]
[EventDate "2011.??.??"]

1. e4 c5 2. Nc3 e6 3. f4 Nc6 4. Nf3 d5 5. d3 Nge7 6. g3 g6 7. Bg2 Bg7 8. O-O
O-O 9. Kh1 f5 10. Bd2 Rb8 11. Rb1 b5 12. Ne2 d4 13. e5 Qd7 14. Neg1 c4 15. Qe2
Ba6 16. Rfd1 Rfd8 17. Qf2 cxd3 18. cxd3 b4 19. Be1 b3 20. Ra1 Nb4 21. Bxb4 Rxb4
22. axb3 Bb5 23. Ne2 Bf8 24. Ra3 Nd5 25. Ne1 Ne3 26. Rc1 a6 27. Bf3 Rb8 28. h3
Be7 29. Kh2 Kf7 30. Ng1 Rc8 31. Ne2 Bc5 32. Bh1 h6 33. Qg1 Bb6 34. Qf2 a5 35.
Bf3 a4 36. bxa4 Bxa4 37. b3 Bc6 38. Bxc6 Rxc6 39. Rxc6 Qxc6 40. Qf3 Nd5 41. g4
Rb5 42. gxf5 exf5 43. Qg2 Ne7 44. Qxc6 Nxc6 45. Nf3 Rb4 46. Kg2 Ke6 47. h4 h5
48. Ra6 Kd5 49. Nd2 Bc5 50. Ra8 Rb8 51. Rxb8 Nxb8 52. Ng1 Na6 53. Kf2 Bb4 54.
Ngf3 Nc5 55. Ke2 Ne6 56. Kd1 Nxf4 57. Kc2 Ng2 58. Nc4 Ne1+ 59. Nxe1 Bxe1 60.
Kd1 Bxh4 61. b4 Bg3 62. Nb6+ Kxe5 63. Nd7+ Ke6 0-1

[Event "10eme Open International de La Fere"]
[Site "La Fere (FRA)"]
[Date "2011.07.04"]
[Round "4.3"]
[White "Peric, Slavisa"]
[Black "Lazarev, Vladimir"]
[Result "0-1"]
[WhiteElo "2258"]
[BlackElo "2445"]
[PlyCount "64"]
[EventDate "2011.??.??"]

1. d4 Nf6 2. Nf3 c5 3. e3 g6 4. c3 Qc7 5. Nbd2 Bg7 6. a4 O-O 7. Be2 d6 8. O-O
cxd4 9. exd4 e5 10. dxe5 dxe5 11. h3 Rd8 12. Qe1 h6 13. Nc4 Nc6 14. Be3 Nd5 15.
Nfd2 f5 16. Bc5 Nf4 17. Be3 Nd5 18. Bc5 b6 19. Ba3 Nf4 20. Ne3 Kh7 21. Rd1 Be6
22. Bc4 Qf7 23. Bxe6 Qxe6 24. Nec4 Rd3 25. Rc1 Rad8 26. Rc2 e4 27. h4 g5 28.
hxg5 Qg6 29. g3 Nh3+ 30. Kg2 Nxg5 31. Ne3 Rxd2 32. Rxd2 Nf3 0-1

[Event "10eme Open International de La Fere"]
[Site "La Fere (FRA)"]
[Date "2011.07.04"]
[Round "4.4"]
[White "Jerez Perez, Alfonso"]
[Black "Piankov, Evgenij"]
[Result "1/2-1/2"]
[WhiteElo "2416"]
[BlackElo "2327"]
[PlyCount "75"]
[EventDate "2011.??.??"]

1. e4 c6 2. d4 d5 3. exd5 cxd5 4. c4 Nf6 5. Nc3 e6 6. Nf3 Be7 7. cxd5 Nxd5 8.
Bd3 Nf6 9. O-O Bd7 10. Qe2 Bc6 11. Rd1 Nbd7 12. Ne5 Nb6 13. Nxc6 bxc6 14. Bf4
Nbd5 15. Be5 O-O 16. Rac1 Nd7 17. Nxd5 cxd5 18. Bc7 Qe8 19. Ba6 Bd8 20. Bb7
Bxc7 21. Bxa8 Bf4 22. Bc6 Bxc1 23. Rxc1 Qe7 24. Bxd7 Qxd7 25. Qa6 g6 26. g3 Re8
27. b4 e5 28. dxe5 Rxe5 29. Qc8+ Qe8 30. Qxe8+ Rxe8 31. Rc7 a6 32. Rc6 Rb8 33.
a3 a5 34. bxa5 Rb5 35. Ra6 Rb3 36. Rd6 Rb5 37. a6 Ra5 38. a7 1/2-1/2

[Event "10eme Open International de La Fere"]
[Site "La Fere (FRA)"]
[Date "2011.07.04"]
[Round "4.6"]
[White "Forthofer, Robert"]
[Black "Feryn, Benjamin"]
[Result "1-0"]
[WhiteElo "2274"]
[BlackElo "2032"]
[PlyCount "85"]
[EventDate "2011.??.??"]

1. f4 Nf6 2. Nf3 g6 3. e3 Bg7 4. Be2 O-O 5. O-O d6 6. d3 Nbd7 7. Qe1 e5 8. fxe5
Nxe5 9. Nxe5 dxe5 10. e4 Be6 11. Nc3 Nd7 12. Qg3 Qe7 13. Rf2 Kh8 14. Bg4 f5 15.
exf5 gxf5 16. Bh3 Nf6 17. Bg5 Qd7 18. Qh4 Nd5 19. Nxd5 Bxd5 20. Raf1 Be6 21.
Bh6 Bxh6 22. Qxh6 Rae8 23. Qe3 Qd4 24. Qxd4 exd4 25. a3 Kg7 26. Rf4 c5 27. Bxf5
Bxf5 28. Rxf5 Rxf5 29. Rxf5 b6 30. Kf2 Re7 31. g3 Kg6 32. Rf4 Kg5 33. Re4 Rf7+
34. Kg2 Rc7 35. b3 Rf7 36. h4+ Kg6 37. g4 h5 38. Re6+ Kg7 39. gxh5 Kh7 40. Kg3
Kg8 41. h6 Kh7 42. Kg4 Rf2 43. Kg5 1-0

[Event "10eme Open International de La Fere"]
[Site "La Fere (FRA)"]
[Date "2011.07.04"]
[Round "4.7"]
[White "Rigolot, Lucie"]
[Black "Marchyllie, Bruno"]
[Result "1/2-1/2"]
[WhiteElo "1946"]
[BlackElo "2143"]
[PlyCount "100"]
[EventDate "2011.??.??"]

1. e4 c5 2. Nf3 d6 3. d4 cxd4 4. Nxd4 g6 5. c4 Bg7 6. Be3 Nc6 7. Nc3 Nf6 8. Be2
Bd7 9. Rc1 O-O 10. O-O Rc8 11. h3 h6 12. b3 Kh7 13. f4 a6 14. Bf3 Qa5 15. Nde2
b5 16. c5 Rfd8 17. cxd6 exd6 18. Qd2 Be8 19. Rfd1 Qb4 20. Qe1 Ne7 21. Qf2 Bc6
22. Bb6 Nxe4 23. Nxe4 Bxe4 24. Bxd8 Rxd8 25. a3 Qxa3 26. Bxe4 Qxb3 27. Nd4 Qb4
28. f5 d5 29. fxg6+ fxg6 30. Bf3 Qd6 31. Qe2 Be5 32. Kh1 Rd7 33. Bg4 Rb7 34.
Nf3 Bf4 35. Rc2 h5 36. Be6 Rb6 37. Nd4 Be5 38. Bf7 Bxd4 39. Rxd4 Nf5 40. Rd3
Ng3+ 41. Rxg3 Qxg3 42. Rc8 Qd6 43. Qe8 Qf6 44. Bg8+ Kh6 45. Qe3+ g5 46. Qd3
Qa1+ 47. Kh2 Qe5+ 48. Kg1 Qa1+ 49. Kh2 Qe5+ 50. Kg1 Qa1+ 1/2-1/2